000 00989nam a22003378i 4500
999 _c2088
_d2088
001 020687451
003 UkOxU
005 20230306121508.0
008 160721s2016 enka j 001|0|eng|d
015 _aGBB6C3541
_2bnb
016 7 _a017999987
_2Uk
020 _a9781407166995 (pbk.) :
035 _a(Uk)017999987
040 _aStDuBDS
_beng
_erda
_cStDuBDS
_dKH8
082 0 4 _a972.018 DEA
_223
100 1 _aDeary, Terry,
_eauthor.
245 1 0 _aAngry Aztecs /
_cTerry Deary ; illustrated by Martin Brown.
263 _a201611
264 1 _aLondon :
_bScholastic,
_c2016.
300 _a1 volume :
_billustrations.
336 _atext
_2rdacontent
336 _astill image
_2rdacontent
337 _aunmediated
_2rdamedia
338 _avolume
_2rdacarrier
490 0 _aHorrible histories
500 _aIncludes index.
650 0 _aAztecs
_vJuvenile literature.
650 0 _aIncas
_vJuvenile literature.
700 1 0 _aBrown, Martin,
_d1959-
_eillustrator.
942 _2ddc
_cNFIC